MARC

LEADER 00000nam0a2200000 4500
001 274910
005 20231101234756.0
020 |a RU  |b 84-77510 
035 |a (RuTPU)RU\TPU\book\298139 
090 |a 274910 
100 |a 20141110d1984 k y0rusy5003 ca 
101 0 |a rus 
102 |a RU 
105 |a a z 001zy 
200 1 |a Петролого-минералогическая модель кимберлитового процесса  |f К. Н. Никишов  |g Академия наук СССР (АН СССР), Сибирское отделение (СО), Якутский филиал (ЯФ), Институт геологии ; под ред. В. В. Ковальского 
210 |a Москва  |c Наука  |d 1984 
215 |a 213 с.  |c ил. 
320 |a Библиогр.: с. 199-212 
606 1 |a Кимберлиты  |x (петрография)  |2 stltpush  |3 (RuTPU)RU\TPU\subj\14339  |9 40749 
610 1 |a происхождение 
610 1 |a моделирование 
610 1 |a морфология 
610 1 |a магматизм 
610 1 |a генетическая информация 
610 1 |a минералы 
610 1 |a образование 
675 |a 552.323  |z rus  |v 3 
700 1 |a Никишов  |b К. Н.  |4 070 
702 1 |a Ковальский  |b В. В.  |4 340 
712 0 2 |a Академия наук СССР (АН СССР)  |b Сибирское отделение (СО)  |b Якутский филиал (ЯФ)  |b Институт геологии  |c (Якутск)  |2 stltpush  |3 (RuTPU)RU\TPU\col\8181 
801 0 |a RU  |b RuMRKP  |c 19950704  |g psbo 
801 1 |a RU  |b 63413507  |c 20141110 
801 2 |a RU  |b 63413507  |c 20170124  |g RCR 
942 |c BK